Notice sur la source arsenicale de Salies et les diverses préparations pharmaceutiques aux sels naturels de Salies / (Record no. 156444)

MARC details
000 -LEADER
campo de control de longitud fija 00814nam a2200193 i 4500
001 - NÚMERO DE CONTROL
campo de control 156444
003 - IDENTIFICADOR DE NÚMERO DE CONTROL
campo de control ES-MaACL
005 - FECHA Y HORA DE LA ÚLTIMA TRANSACCIÓN
campo de control 20230906210417.0
008 - DATOS DE LONGITUD FIJA--INFORMACIÓN GENERAL
campo de control de longitud fija 040730s1878 fr |||| | fre d
040 ## - FUENTE DE CATALOGACIÓN
Centro catalogador/agencia de origen CAM
Lengua de catalogación spa
Centro/agencia transcriptor CAM
100 1# - ENTRADA PRINCIPAL--NOMBRE DE PERSONA
Nombre de persona Jouaneton, Emile.
9 (RLIN) 128361
245 10 - MENCIÓN DEL TÍTULO
Título Notice sur la source arsenicale de Salies et les diverses préparations pharmaceutiques aux sels naturels de Salies /
Mención de responsabilidad, etc. par Emile Jouaneton.
260 ## - PUBLICACIÓN, DISTRIBUCIÓN, ETC.
Lugar de publicación, distribución, etc. Bagnères-de-Bigorre :
Nombre del editor, distribuidor, etc. Imprimerie & Librairie D.-L- Péré,
Fecha de publicación, distribución, etc. 1878.
300 ## - DESCRIPCIÓN FÍSICA
Extensión 35 p. ;
Dimensiones 14 cm.
594 ## - Nota al título y mención de responsabilidad
Nota al título y mención de responsabilidad Precede al tít.: Thermes de Bagnères-de-Bigorre.
650 04 - PUNTO DE ACCESO ADICIONAL DE MATERIA--TÉRMINO DE MATERIA
Término de materia o nombre geográfico como elemento de entrada Aguas minerales-
Subdivisión geográfica Francia.
9 (RLIN) 135524
650 #4 - PUNTO DE ACCESO ADICIONAL DE MATERIA--TÉRMINO DE MATERIA
Término de materia o nombre geográfico como elemento de entrada Balnearios-
Subdivisión geográfica Bagnères-de-Bigorre.
9 (RLIN) 135663
852 ## - LOCALIZACIÓN
Ubicación ES-MaACL
Número de control de estantería T-483-F-7
Nota libre -- Enc. hol., falto de la cub. original
-- -- Enc. en un vol. facticio
Holdings
Estatus retirado Estado de pérdida Estado de daño No para préstamo Colección Biblioteca de origen Biblioteca actual Ubicación en estantería Fecha de adquisición Total de préstamos Signatura topográfica completa Código de barras Visto por última vez Precio de reemplazo Tipo de ítem Koha
        Colección de folletos Biblioteca del Ateneo de Madrid Biblioteca del Ateneo de Madrid Depósito folletos 17/01/2008   T-483-F-7 1163674 23/02/2023 23/02/2023 Folleto